| 000 | 00676nam a22002177a 4500 | ||
|---|---|---|---|
| 005 | 20250207120929.0 | ||
| 010 | _aENG-143711 | ||
| 020 |
_a8188555104-X _c150.00 |
||
| 035 | _aEN-127243 | ||
| 035 | _aEN-127243 | ||
| 037 | _bDBAD | ||
| 082 | _aS | ||
| 100 |
_aRakesh Raman _977438 |
||
| 245 |
_aRobojit and the Sand Planet/ _cBy Rakesh Raman _hEnglish |
||
| 260 |
_aNew Delhi _bRaman Media Network _c2011 |
||
| 270 |
_a463,DPS Apartments Plot No.16, Sector-4 Dawarka, Phase-1 _bNew Delhi _e110075 _mrrthakur@hotmail.com |
||
| 300 |
_a188p. _bConclusion, Reference _c19cm(pbk) |
||
| 700 |
_aRaman Rakesh _eAuthor _977415 |
||
| 700 | _977416 | ||
| 942 |
_2ddc _cEN _hS _mRAM |
||
| 999 |
_c208955 _d208955 |
||